00229nam a2200097Ia 4500008004100000041001200041100001600053245004900069260000600118650000700124221030s9999 xx 000 0 und d aEnglish aS. A. Kumar 0aEntrepreneurship Developmentcby S. A. Kumar c0 aMb